Todos los hombres están locos / (Record no. 97391)
[ view plain ]
| 000 -LEADER | |
|---|---|
| campo de control de longitud fija | 00711nam a2200205 i 4500 |
| 001 - NÚMERO DE CONTROL | |
| campo de control | 97391 |
| 003 - IDENTIFICADOR DE NÚMERO DE CONTROL | |
| campo de control | ES-MaACL |
| 005 - FECHA Y HORA DE LA ÚLTIMA TRANSACCIÓN | |
| campo de control | 20230906182107.0 |
| 007 - CAMPO FIJO DE DESCRIPCIÓN FÍSICA--INFORMACIÓN GENERAL | |
| campo de control de longitud fija | t| |
| 008 - DATOS DE LONGITUD FIJA--INFORMACIÓN GENERAL | |
| campo de control de longitud fija | 050712s1973 sp ||||1| spa d |
| 100 1# - ENTRADA PRINCIPAL--NOMBRE DE PERSONA | |
| Nombre de persona | Marcelin, Philippe Thoby. |
| 9 (RLIN) | 76367 |
| 245 10 - MENCIÓN DEL TÍTULO | |
| Título | Todos los hombres están locos / |
| Mención de responsabilidad, etc. | Philippe Thoby Marcelin y Pierre Marcelin; prólogo de Tomás Salvador; introducción de Edmund Wilson; [versión de Leonor Tejada]. |
| 260 ## - PUBLICACIÓN, DISTRIBUCIÓN, ETC. | |
| Lugar de publicación, distribución, etc. | Barcelona : |
| Nombre del editor, distribuidor, etc. | Novaro, |
| Fecha de publicación, distribución, etc. | 1973. |
| 300 ## - DESCRIPCIÓN FÍSICA | |
| Extensión | 205 p. ; |
| Dimensiones | 22 cm. |
| 700 1# - ENTRADA AGREGADA--NOMBRE PERSONAL | |
| Nombre de persona | Marcelin, Pierre. |
| 9 (RLIN) | 76368 |
| 700 1# - ENTRADA AGREGADA--NOMBRE PERSONAL | |
| Nombre de persona | Salvador, Tomás. |
| 9 (RLIN) | 102080 |
| 700 1# - ENTRADA AGREGADA--NOMBRE PERSONAL | |
| Nombre de persona | Wilson, Edmund. |
| 9 (RLIN) | 117023 |
| 700 1# - ENTRADA AGREGADA--NOMBRE PERSONAL | |
| Nombre de persona | Tejada, Leonor. |
| 9 (RLIN) | 109560 |
| 852 ## - LOCALIZACIÓN | |
| Ubicación | ES-MaACL |
| Número de control de estantería | C-55628 |
| Sublocalización o colección | R.88136 |
| Estatus retirado | Estado de pérdida | Estado de daño | No para préstamo | Biblioteca de origen | Biblioteca actual | Ubicación en estantería | Fecha de adquisición | Fuente de adquisición | Total de préstamos | Signatura topográfica completa | Código de barras | Visto por última vez | Precio de reemplazo | Tipo de ítem Koha |
|---|---|---|---|---|---|---|---|---|---|---|---|---|---|---|
| Biblioteca del Ateneo de Madrid | Biblioteca del Ateneo de Madrid | Depósito 2 | 17/01/2008 | C-55628 | 1101670 | 23/02/2023 | 23/02/2023 | Libro impreso |
